Cargando…

Child protection and mental health services : interprofessional responses to the needs of mothers /

Health and social care professionals are constantly exhorted to work collaboratively. This book reports on research which examines interprofessional work with families in which mothers have a mental health problem and where there are also concerns about child protection. Breakdowns in interprofessio...

Descripción completa

Detalles Bibliográficos
Clasificación:Libro Electrónico
Otros Autores: Stanley, Nicky, 1955-
Formato: Electrónico eBook
Idioma:Inglés
Publicado: Bristol, UK : Policy Press, 2003.
Temas:
Acceso en línea:Texto completo

MARC

LEADER 00000cam a2200000 a 4500
001 JSTOR_ocn505868898
003 OCoLC
005 20231005004200.0
006 m o d
007 cr cnu---unuuu
008 100210s2003 enk ob 001 0 eng d
010 |z  2004269603 
040 |a N$T  |b eng  |e pn  |c N$T  |d OCLCQ  |d OCLCE  |d EBLCP  |d OCLCQ  |d IDEBK  |d OCLCQ  |d MHW  |d E7B  |d YDXCP  |d OCLCQ  |d REDDC  |d OCLCQ  |d OCLCO  |d DEBSZ  |d OCLCO  |d OCLCQ  |d OCLCO  |d OCLCF  |d OCLCO  |d OCLCQ  |d OCLCO  |d OCLCQ  |d OCLCO  |d STBDS  |d OTZ  |d JSTOR  |d OCLCO  |d OCLCA  |d MERUC  |d OCLCO  |d EZ9  |d OCLCO  |d OCLCQ  |d OCLCO  |d TXC  |d OCLCO  |d NLE  |d OCLCO  |d AU@  |d OCLCO  |d UKMGB  |d OCLCO  |d LVT  |d YOU  |d OCLCQ  |d OCLCO  |d OCLCQ  |d LEAUB  |d UKAHL  |d AUD  |d OCLCQ  |d UHL  |d NLW  |d OCLCQ  |d OCLCA  |d OCLCQ  |d OCLCA  |d UX1  |d S2H  |d P@U  |d OCLCO  |d LUN  |d CAMBR  |d OCLCO  |d OCLCQ  |d SFB  |d OCL  |d INARC  |d DEGRU  |d OCLCQ  |d OCLCO 
015 |a GBA3W6222  |2 bnb 
015 |a GBB7D4547  |2 bnb 
015 |a GBA3-W6222 
016 7 |a 101194750  |2 DNLM 
016 7 |a 018442160  |2 Uk 
019 |a 607002995  |a 607717331  |a 967261566  |a 976173344  |a 1052113771  |a 1077884397  |a 1086549230  |a 1113512768  |a 1118491248  |a 1175631990  |a 1274762906  |a 1280257478  |a 1280924651  |a 1280925258  |a 1280926658  |a 1294386786  |a 1295316716  |a 1357515143  |a 1391815233 
020 |a 9781847425799  |q (electronic bk.) 
020 |a 1847425798  |q (electronic bk.) 
020 |a 1282318209 
020 |a 9781282318205 
020 |a 9786612318207 
020 |a 6612318201 
020 |z 1861344279 
020 |z 9781861344274 
020 |z 9781447301707 
020 |z 1447301706 
029 1 |a AU@  |b 000069989153 
029 1 |a DEBSZ  |b 396320864 
029 1 |a DEBSZ  |b 449169936 
029 1 |a DKDLA  |b 820120-katalog:9910084272305765 
029 1 |a GBVCP  |b 1003612229 
029 1 |a UKMGB  |b 018442160 
035 |a (OCoLC)505868898  |z (OCoLC)607002995  |z (OCoLC)607717331  |z (OCoLC)967261566  |z (OCoLC)976173344  |z (OCoLC)1052113771  |z (OCoLC)1077884397  |z (OCoLC)1086549230  |z (OCoLC)1113512768  |z (OCoLC)1118491248  |z (OCoLC)1175631990  |z (OCoLC)1274762906  |z (OCoLC)1280257478  |z (OCoLC)1280924651  |z (OCoLC)1280925258  |z (OCoLC)1280926658  |z (OCoLC)1294386786  |z (OCoLC)1295316716  |z (OCoLC)1357515143  |z (OCoLC)1391815233 
037 |a 22573/ctt1t6xmhd  |b JSTOR 
042 |a dlr 
043 |a e-uk--- 
050 4 |a HV751.A6  |b C579 2003eb 
060 4 |a 2003 M-587 
060 4 |a WM 30  |b C5355 2003 
072 7 |a PSY  |x 036000  |2 bisacsh 
072 7 |a PSY  |x 018000  |2 bisacsh 
072 7 |a MED  |x 102000  |2 bisacsh 
072 7 |a SOC025000  |2 bisacsh 
082 0 4 |a 362.20941  |2 22 
049 |a UAMI 
245 0 0 |a Child protection and mental health services :  |b interprofessional responses to the needs of mothers /  |c Nicky Stanley [and others]. 
260 |a Bristol, UK :  |b Policy Press,  |c 2003. 
300 |a 1 online resource (ix, 148 pages) 
336 |a text  |b txt  |2 rdacontent 
337 |a computer  |b c  |2 rdamedia 
338 |a online resource  |b cr  |2 rdacarrier 
347 |a data file 
504 |a Includes bibliographical references (pages 123-140) and index. 
505 0 |a CHILD PROTECTION AND MENTAL HEALTH SERVICES; Contents; ist of tables and figures; Introduction; 1. Mental health needs and mothering; 2. The service context; 3. Interprofessional work; 4. The research study; 5. Identifying key research issues; 6. Mothers' perspectives; 7. The mothers' evaluations of professional support; 8. The professionals and their practice; 9. Conceptualising needs and evaluating risk; 10. Interprofessional communication and coordination; 11. Identifying appropriate resources; 12. Conclusion; References; Index. 
520 |a Health and social care professionals are constantly exhorted to work collaboratively. This book reports on research which examines interprofessional work with families in which mothers have a mental health problem and where there are also concerns about child protection. Breakdowns in interprofessional collaboration, issues of risk and relevant resources are all addressed. Mothers' views and experiences are contrasted with professional perspectives. 
588 0 |a Print version record. 
506 |3 Use copy  |f Restrictions unspecified  |2 star  |5 MiAaHDL 
533 |a Electronic reproduction.  |b [Place of publication not identified] :  |c HathiTrust Digital Library,  |d 2010.  |5 MiAaHDL 
538 |a Master and use copy. Digital master created according to Benchmark for Faithful Digital Reproductions of Monographs and Serials, Version 1. Digital Library Federation, December 2002.  |u http://purl.oclc.org/DLF/benchrepro0212  |5 MiAaHDL 
583 1 |a digitized  |c 2010  |h HathiTrust Digital Library  |l committed to preserve  |2 pda  |5 MiAaHDL 
506 1 |a Legal Deposit;  |c Only available on premises controlled by the deposit library and to one user at any one time;  |e The Legal Deposit Libraries (Non-Print Works) Regulations (UK).  |5 WlAbNL 
540 |a Restricted: Printing from this resource is governed by The Legal Deposit Libraries (Non-Print Works) Regulations (UK) and UK copyright law currently in force.  |5 WlAbNL 
546 |a English. 
590 |a JSTOR  |b Books at JSTOR Evidence Based Acquisitions 
590 |a JSTOR  |b Books at JSTOR Demand Driven Acquisitions (DDA) 
590 |a JSTOR  |b Books at JSTOR All Purchased 
650 0 |a Child welfare  |z Great Britain. 
650 0 |a Mothers  |x Mental health  |z Great Britain. 
650 0 |a Mental health services  |z Great Britain. 
650 0 |a Children. 
650 0 |a Interprofessional relations. 
650 0 |a Maternal and infant welfare. 
650 1 2 |a Mental Health Services  |x organization & administration 
650 2 2 |a Child 
650 2 2 |a Child Welfare 
650 2 2 |a Interprofessional Relations 
650 2 2 |a Maternal Welfare 
651 2 |a United Kingdom 
650 6 |a Mères  |x Santé mentale  |z Grande-Bretagne. 
650 6 |a Services de santé mentale  |z Grande-Bretagne. 
650 6 |a Enfants. 
650 6 |a Relations interprofessionnelles. 
650 6 |a Protection maternelle et infantile. 
650 7 |a children (people by age group)  |2 aat 
650 7 |a PSYCHOLOGY  |x Mental Health.  |2 bisacsh 
650 7 |a PSYCHOLOGY  |x Mental Illness.  |2 bisacsh 
650 7 |a MEDICAL  |x Mental Health.  |2 bisacsh 
650 7 |a SOCIAL SCIENCE  |x Social Work.  |2 bisacsh 
650 7 |a Maternal and infant welfare  |2 fast 
650 7 |a Interprofessional relations  |2 fast 
650 7 |a Children  |2 fast 
650 7 |a Child welfare  |2 fast 
650 7 |a Mental health services  |2 fast 
650 7 |a Mothers  |x Mental health  |2 fast 
651 7 |a Great Britain  |2 fast 
700 1 |a Stanley, Nicky,  |d 1955- 
776 0 8 |i Print version:  |t Child protection and mental health services.  |d Bristol, UK : Policy Press, 2003  |z 9781861344274  |w (DLC) 2004269603  |w (OCoLC)53840629 
856 4 0 |u https://jstor.uam.elogim.com/stable/10.2307/j.ctt1t89c64  |z Texto completo 
938 |a Askews and Holts Library Services  |b ASKH  |n AH24221655 
938 |a ProQuest Ebook Central  |b EBLB  |n EBL474672 
938 |a EBSCOhost  |b EBSC  |n 296608 
938 |a Oxford University Press USA  |b OUPR  |n PPO00074 
938 |a YBP Library Services  |b YANK  |n 3167075 
938 |a YBP Library Services  |b YANK  |n 7483677 
938 |a Project MUSE  |b MUSE  |n musev2_80420 
938 |a De Gruyter  |b DEGR  |n 9781847425799 
938 |a Internet Archive  |b INAR  |n childprotectionm0000unse 
994 |a 92  |b IZTAP